Matica slovenská - prvá celonárodná kultúrna inštitúcia propagačný plagát

Bibliographic Details
Format: Photo
Language:Slovak
PhysicalDescription:1 plagát farebný; v hornej polovici maľba sedliačky s dieťaťom v jednoduchej kolíske a v pozadí postava muža a dobytok, v dolnej časti budovy a pobočky Matice slovenskej 100 x 70 cm
Published: Martin Matica slovenská 1988
Subjects:

MARC

LEADER 00000nkm a2200000 a 4500
001 vtls011780783
003 SK-MaSNL
005 20260426000553.0
007 kf bo
008 240409s1997 xo g kuslo
035 |a urn:nbn:sk:snk-km00ec6n 
035 |a urn:nbn:sk:snk-km43ezl 
035 |a 15E8D644-8677-4FED-A1B7-37C71F2B1DCB 
040 |a SNK  |b slo  |c SNK  |e AACR2 
041 0 |a slo 
043 |a e-xo--- 
044 |a xo  |c SK 
072 7 |a 394  |x Verejný a spoločenský život. Každodenný život  |2 konspekt 
080 |a 394.46  |2 2011 
080 |a (084.5)  |2 2011 
245 0 0 |a Matica slovenská - prvá celonárodná kultúrna inštitúcia  |b propagačný plagát  |h grafika 
260 |a Martin  |b Matica slovenská  |c 1988 
300 |a 1 plagát  |b farebný; v hornej polovici maľba sedliačky s dieťaťom v jednoduchej kolíske a v pozadí postava muža a dobytok, v dolnej časti budovy a pobočky Matice slovenskej  |c 100 x 70 cm 
648 7 |a 1896-1996  |2 SNKPH  |9 286313 
650 0 7 |a spoločenské podujatie  |2 SNKPH  |9 347181 
651 7 |a Slovensko  |2 SNKPH  |9 14231 
655 7 |a plagáty  |2 SNKPH  |9 70571 
852 |a Slovenská národná knižnica v Martine 
958 |a CP 
999 |c 859366  |d 861296 
952 |a SNKLM  |b SNKLM  |y PREZ  |7 0  |p 17A1261867  |o snklm L 1532  |i snklm 143/88  |8 7  |0 0  |1 0  |4 0  |d 2018-09-25  |f 1  |l 0  |r 2026-02-24 05:07:27  |w 2026-02-24